Employment contracts, psychological contracts, and employee well-being (Record no. 3105)

MARC details
000 -LEADER
fixed length control field 01299nam a22003134a 4500
001 - CONTROL NUMBER
control field BD-DhSAU 3105
003 - CONTROL NUMBER IDENTIFIER
control field BD-DhSAU
005 - DATE AND TIME OF LATEST TRANSACTION
control field 20161107081442.0
008 - FIXED-LENGTH DATA ELEMENTS--GENERAL INFORMATION
fixed length control field 150203s2010 enka o 000 0 eng d
020 ## - INTERNATIONAL STANDARD BOOK NUMBER
International Standard Book Number 9780199542697 (hbk.)
040 ## - CATALOGING SOURCE
Original cataloging agency Anwar
082 ## - DEWEY DECIMAL CLASSIFICATION NUMBER
Classification number -
Item number -
Edition number 22
245 00 - TITLE STATEMENT
Title Employment contracts, psychological contracts, and employee well-being
Medium [online resource]
Remainder of title an international study /
Statement of responsibility, etc. edited by David E. Guest, Kerstin Isaksson, and Hans De Witte.
260 ## - PUBLICATION, DISTRIBUTION, ETC. (IMPRINT)
Place of publication, distribution, etc. Oxford ;
-- New York :
Name of publisher, distributor, etc. Oxford University Press,
Date of publication, distribution, etc. 2010.
300 ## - PHYSICAL DESCRIPTION
Extent 327 p. :
Other physical details ill. ;
Dimensions 25 cm.
500 ## - GENERAL NOTE
General note Oxford scholarship online Business and Management<br/>
590 ## - Name of Cataloguer
Name of Cataloger Anwar
650 #0 - SUBJECT ADDED ENTRY--TOPICAL TERM
Topical term or geographic name as entry element Temporary employment.
650 #0 - SUBJECT ADDED ENTRY--TOPICAL TERM
Topical term or geographic name as entry element Labor contract.
650 #0 - SUBJECT ADDED ENTRY--TOPICAL TERM
Topical term or geographic name as entry element Temporary employment
General subdivision Psychological aspects.
650 #0 - SUBJECT ADDED ENTRY--TOPICAL TERM
Topical term or geographic name as entry element Temporary employees
General subdivision Psychology.
650 #0 - SUBJECT ADDED ENTRY--TOPICAL TERM
Topical term or geographic name as entry element Quality of work life.
700 1# - ADDED ENTRY--PERSONAL NAME
Personal name Guest, David,
Dates associated with a name 1944-
700 1# - ADDED ENTRY--PERSONAL NAME
Personal name Isaksson, Kerstin,
Dates associated with a name 1952-
700 1# - ADDED ENTRY--PERSONAL NAME
Personal name Witte, Hans de.
856 ## - ELECTRONIC LOCATION AND ACCESS
Uniform Resource Identifier <a href="http://www.oxfordscholarship.com/view/10.1093/acprof:oso/9780199542697.001.0001/acprof-9780199542697?rskey=yxQpOy&result=25">http://www.oxfordscholarship.com/view/10.1093/acprof:oso/9780199542697.001.0001/acprof-9780199542697?rskey=yxQpOy&result=25</a>
856 ## - ELECTRONIC LOCATION AND ACCESS
Uniform Resource Identifier <a href="http://doi.org/10.1093/acprof:oso/9780199542697.001.0001">http://doi.org/10.1093/acprof:oso/9780199542697.001.0001</a>
942 ## - ADDED ENTRY ELEMENTS (KOHA)
Source of classification or shelving scheme Dewey Decimal Classification
Koha item type Online book

No items available.